El Libro del Agua / (Record no. 23087)

000 -CABECERA
fixed length control field 01429nam a22002657i 4500
003 - IDENTIFICADOR DEL NÚMERO DE CONTROL
control field AR-CdUCM
008 - DATOS DE LONGITUD FIJA--INFORMACIÓN GENERAL
fixed length control field 241004b20232023 pe||||| |||| 00| 0 spa d
040 ## - FUENTE DE LA CATALOGACIÓN
Agencia/entidad que catalogó originalmente la obra MUNICIPALIDAD PROVINCIAL DEL CUSCO
Entidad que transcribió la catalogación BIBLIOTECA MUNICIPAL DEL CUSCO
082 ## - NÚMERO DE LA CLASIFICACIÓN DECIMAL DEWEY
No. de Clasificación 551.48 / E11
Notacion interna E11
110 ## - ENTRADA PRINCIPAL--NOMBRE DE ENTIDAD CORPORATIVA
Nombre de la institución, jurisdicción como entrada principal EPS SEDACUSCO S. A.
9 (RLIN) 50670
245 ## - MENCIÓN DE TÍTULO
Título El Libro del Agua /
260 ## - PUBLICACIÓN, DISTRIBUCIÓN, ETC.
Lugar de publicación, distribución, etc. Cusco :
Nombre de la editorial, distribuidor, etc. EPS SEDACUSCO S. A.
Fecha de publicación, distribución, etc. 2023.
300 ## - DESCRIPCIÓN FÍSICA
Nº de Páginas Extensión 300 páginas. :
Dimensiones 25 cm.
500 ## - NOTA GENERAL
Bibliografía Bibliografía: página 300
505 ## - NOTA DE CONTENIDO CON FORMATO
Nota de contenido formateada Origen del agua -- El lago morkill y el valle del Huatanay -- Pileta Ornamental de la plaza de armas -- El arco Tica Tica -- Acueducto hidráulico virreinal de Sapantiana -- Tipón: hidráulica Inca -- Breve historia de los manantes de Kor kor -- Uso del sistema Kor Kor en la actualidad -- Galerías filtrantes de Salkantay -- Nuevo reservorio de Hatunhuaylla -- Planta de tratamiento de aguas residuales PTAP-San Jerónimo -- Sistema Vilcanota -- Laguna de Piuray -- Mecanismos de redistribución por servicios Ecosistémicos -- Importancia del agua en tiempos de la pandemia -- El reto de abastecer agua potable mediante camiones cisterna -- Vida, agua y conflictos sociales.
650 ## - PUNTO DE ACCESO ADICIONAL DE MATERIA--TÉRMINO DE MATERIA
Descriptor Agua
9 (RLIN) 19441
650 ## - PUNTO DE ACCESO ADICIONAL DE MATERIA--TÉRMINO DE MATERIA
Descriptor Vida
9 (RLIN) 884
650 ## - PUNTO DE ACCESO ADICIONAL DE MATERIA--TÉRMINO DE MATERIA
Descriptor Hidráulica
9 (RLIN) 21112
650 ## - PUNTO DE ACCESO ADICIONAL DE MATERIA--TÉRMINO DE MATERIA
Descriptor Tratamiento
9 (RLIN) 20821
650 ## - PUNTO DE ACCESO ADICIONAL DE MATERIA--TÉRMINO DE MATERIA
Descriptor Manantes
9 (RLIN) 50671
650 ## - PUNTO DE ACCESO ADICIONAL DE MATERIA--TÉRMINO DE MATERIA
Descriptor Salkantay
9 (RLIN) 50672
942 ## - ELEMENTOS DE PUNTO DE ACCESO ADICIONAL (KOHA)
Fuente de clasificación
Tipo de item Libros-BMC
945 ## - PROCESAMIENTO DE INFORMACIÓN LOCAL (OCLC)
Catalogador pbj
AAAA-MM-DD - Fecha de ingreso o modificacion 04-10-2024
Holdings
Estado de retiro (separado) Fuente de clasificación o esquema de estanterías Estado dañado Ubicación Sala donde se ubica Nombre de la colección Fecha de adquisición o compra Fuente de adquisición Costo, precio normal en soles Signatura topográfica Código de Barras Última vez visto (Koha) Tipo de ítem (Koha)
No     Sala Ciencias Sala Ciencias Book Cart 2024-10-04 Donación 25.00 551.48 / E11 SC0000002438 2024-10-04 Libros-BMC

Powered by Koha